| Tag |
First Indicator |
Second Indicator |
Subfields |
| LEADER |
00000cjm a2200000 a 4500 |
| 001 |
in00004062221 |
| 005 |
20190718163556.0 |
| 006 |
m m |
| 007 |
sd fsngnnmmneu |
| 008 |
120131s2008 cauppnn n eng d |
| 010 |
|
|
|a 2012616647
|
| 019 |
|
|
|a 244008341
|a 317817956
|a 958697569
|a 966163147
|a 968059178
|a 968981062
|a 972712955
|a 1010976861
|a 1014036206
|a 1014287772
|a 1037220892
|a 1043456434
|a 1043690523
|a 1051112048
|a 1057010576
|a 1057388022
|
| 024 |
1 |
|
|a 050087121587
|
| 024 |
7 |
|
|a 0050087121587
|2 gtin-14
|
| 024 |
7 |
|
|a 00050087121587
|2 gtin-14
|
| 028 |
0 |
1 |
|a D000194412
|b Hollywood Records
|
| 035 |
|
|
|a (OCoLC)ocn233003095
|
| 035 |
|
|
|a (OCoLC)233003095
|z (OCoLC)244008341
|z (OCoLC)317817956
|z (OCoLC)958697569
|z (OCoLC)966163147
|z (OCoLC)968059178
|z (OCoLC)968981062
|z (OCoLC)972712955
|z (OCoLC)1010976861
|z (OCoLC)1014036206
|z (OCoLC)1014287772
|z (OCoLC)1037220892
|z (OCoLC)1043456434
|z (OCoLC)1043690523
|z (OCoLC)1051112048
|z (OCoLC)1057010576
|z (OCoLC)1057388022
|
| 037 |
|
|
|b Midwest Tape
|n http://www.midwesttapes.com
|
| 040 |
|
|
|a TEFMT
|b eng
|c DLC
|d TEFMT
|d BTCTA
|d TEF
|d JP3
|d JRS
|d IJC
|d CQU
|d JQD
|d BDX
|d OCLCO
|d OCLCQ
|d OCLCF
|d KB6
|d OCLCQ
|d FEM
|d OCLCQ
|d FO7
|d OCLCQ
|d HCO
|d JDP
|d OCLCO
|d OCL
|d OCLCA
|d IST
|d UtOrBLW
|
| 042 |
|
|
|a lccopycat
|
| 049 |
|
|
|a TXAM
|
| 050 |
1 |
4 |
|a M1630.19.J66
|b L58 2008
|
| 082 |
0 |
4 |
|a 782.42164
|2 22
|
| 090 |
|
|
|a M1630.18.J6524
|b L58 2008
|
| 110 |
2 |
|
|a Jonas Brothers,
|e performer.
|0 http://id.loc.gov/authorities/names/no2006090710
|
| 245 |
1 |
2 |
|a A little bit longer /
|c Jonas Brothers.
|
| 264 |
|
1 |
|a Burbank, CA :
|b Hollywood Records,
|c [2008]
|
| 264 |
|
4 |
|c ℗2008
|
| 300 |
|
|
|a 1 audio disc (39 min., 34 sec.) :
|b digital ;
|c 4 3/4 in.
|
| 336 |
|
|
|a performed music
|b prm
|2 rdacontent
|
| 337 |
|
|
|a audio
|b s
|2 rdamedia
|
| 338 |
|
|
|a audio disc
|b sd
|2 rdacarrier
|
| 344 |
|
|
|a digital
|2 rda
|
| 347 |
|
|
|a audio file
|b CD audio
|2 rda
|
| 347 |
|
|
|a audio file
|2 rda
|
| 380 |
|
|
|a Music on CD
|a eMusic
|2 lcdgt
|
| 511 |
0 |
|
|a Jonas Brothers (Kevin Jonas, guitar, vocals ; Joe Jonas, vocals, percussion, guitar ; Nick Jonas, vocals, guitar, piano) ; with musical acc.
|
| 508 |
|
|
|a Produced by John Fields ; mixed by Chris Lord-Alge.
|
| 518 |
|
|
|a Recorded by John Fields.
|
| 500 |
|
|
|a "This CD allows you to access: exclusive video footage, printable photos, lyrics, downloadable graphics, and much more ..."--Container.
|
| 500 |
|
|
|a CDVU+ compact disc.
|
| 505 |
0 |
0 |
|t BB good
|g (2:56) --
|t Burnin' up
|g (2:55) --
|t Shelf
|g (3:48) --
|t One man show
|g (3:08) --
|t Lovebug
|g (3:40) --
|t Tonight
|g (3:29) --
|t Can't have you
|g (4:28) --
|t Video girl
|g (2:53) --
|t Pushin' me away
|g (3:03) --
|t Sorry
|g (3:12) --
|t Got me going crazy
|g (2:35) --
|t A little bit longer
|g (5:57).
|
| 520 |
|
|
|a Already popular from We Rock, the first single from their Disney Channel movie Camp Rock, the group has put together another album that will drive the teens crazy. Includes the first single, Burnin' Up, along with the promising tune Pushing Me Away.
|
| 538 |
|
|
|a To access CDVU+ features: "Place this CD in your computer. Click the CDVU+ button to begin download. (Mac users--double click the CDVU+ icon on your desktop and then double click icon again within the finder window)."
|
| 500 |
|
|
|a Sound recording.
|
| 650 |
|
0 |
|a Popular music
|y 2001-2010.
|0 http://id.loc.gov/authorities/subjects/sh2001005065
|
| 650 |
|
0 |
|a Rock music
|y 2001-2010.
|0 http://id.loc.gov/authorities/subjects/sh2001004786
|
| 650 |
|
7 |
|a Popular music.
|2 fast
|0 (OCoLC)fst01071422
|
| 650 |
|
7 |
|a Rock music.
|2 fast
|0 (OCoLC)fst01099204
|
| 648 |
|
7 |
|a 2001-2010
|2 fast
|
| 655 |
|
7 |
|a Sound recordings.
|2 fast
|0 (OCoLC)fst01411639
|
| 655 |
|
7 |
|a Rock music.
|2 fast
|0 (OCoLC)fst01726724
|
| 655 |
|
4 |
|a Rock.
|
| 655 |
|
7 |
|a Sound recordings.
|2 lcgft
|0 http://id.loc.gov/authorities/genreForms/gf2011026594
|
| 655 |
|
7 |
|a Rock music.
|2 lcgft
|0 http://id.loc.gov/authorities/genreForms/gf2014027054
|
| 655 |
|
0 |
|a Compact discs.
|
| 948 |
|
|
|a cataloged
|b h
|c 2019/5/2
|d c
|e ceaton
|f 12:29:13 pm
|
| 994 |
|
|
|a C0
|b TXA
|
| 999 |
f |
f |
|s 1b45ee4f-d49c-3960-b8e1-fa794e11f9a3
|i 8c6a2ba3-1b21-30ae-93dc-67a554afe117
|t 0
|
| 952 |
f |
f |
|p ric
|a Texas A&M University
|b Rellis Campus
|c Joint Library Facility
|d Remote Storage
|t 0
|e M1630.18.J6524 L58 2008
|h Library of Congress classification
|i audio -- audio disc
|m A14850472359
|
| 998 |
f |
f |
|a M1630.18.J6524 L58 2008
|t 0
|l Remote Storage
|